| 000 | nam a22 7a 4500 | ||
|---|---|---|---|
| 999 |
_c26640 _d26640 |
||
| 008 | 170206b xxu||||| |||| 00| 0 eng d | ||
| 020 | _a9781119139454 | ||
| 050 | _aQA 152.3 .M33 2015 | ||
| 100 |
_aMcCallum, William G. _d2015 |
||
| 245 |
_aAlgebra: _bForm and function/ _cWilliam G. McCallum, Eric Connally, Deborah Hughes |
||
| 250 | _a2nd ed. | ||
| 260 |
_aUSA: _bJohn wiley & sons, _c2015. |
||
| 300 |
_axvi, 474p.: _bill.; _c27cm. |
||
| 521 | _aIncludes bibliographical references and index. | ||
| 650 | _aAlgebra. | ||
| 700 | _aConnally, Eric. | ||
| 700 | _aHughes-Hallett et al, Deborah. | ||
| 942 |
_2lcc _cBOOKS _hQA 152.3 .M33 2015 |
||